Perón o muerte : los fundamentos discursivos del fenómeno peronista /

Salvato in:
Dettagli Bibliografici
Autore principale: Sigal, Silvia
Natura: Sconosciuto
Lingua:Spanish
Pubblicazione: Buenos Aires : Editorial Legasa, 1986.
Soggetti:
Tags: Aggiungi Tag
Nessun Tag, puoi essere il primo ad aggiungerne!!

MARC

LEADER 000000000a22000000004500
001 014105
020 |a 9506000786 
041 0 |a spa 
082 0 4 |a 320.982   |b S574p 
100 1 |a Sigal, Silvia 
245 1 0 |a Perón o muerte :   |b los fundamentos discursivos del fenómeno peronista /   |c Silvia Sigal. 
260 1 |a Buenos Aires :   |b Editorial Legasa,   |c 1986. 
300 |a 243 páginas :   |b ilustraciones ;   |c 23 cm. 
650 4 |a PERONISMO 
650 4 |a DISCURSO POLITICO 
650 4 |a ARGENTINA 
650 4 |a HISTORIA 
650 4 |a SIGLO 20 
650 4 |a PERSUASION 
500 |a Colección George Yúdice 
999 |c 20004  |d 20004 
942 |c BK  |h 320.982 S574p  |2 z